[Event "USA-ch"]
[Site "Saint Louis"]
[Date "2017.04.06"]
[Round "8"]
[White "Zherebukh, Yaroslav"]
[Black "Akobian, Varuzhan"]
[Result "0-1"]
[WhiteElo "2605"]
[BlackElo "2645"]
[Annotator "Moradiabadi,E"]
[PlyCount "56"]
[EventDate "2017.03.29"]
[EventType "tourn"]
[EventRounds "11"]
[EventCountry "USA"]
[EventCategory "18"]
[SourceTitle "CBM 178"]
[Source "ChessBase"]
[SourceDate "2017.05.14"]
[SourceVersion "1"]
[SourceVersionDate "2017.05.14"]
[SourceQuality "1"]

1. e4 {Akobian played one of the best games of his life to join Wesley So in
the first place. Yaroslav was a mere shadow of the person who had dismantled
Caruana's position the other day.} e6 2. d4 d5 3. Nd2 c5 {Akobian follows
Wesley So. This is how he handled this line against Zherebukh.} 4. exd5 Qxd5 5.
dxc5 Nf6 (5... Bxc5 {is how Wesley So played against Yaroslav} 6. Ngf3 Nf6 7.
Bc4 Qc6 8. O-O Nbd7 9. Qe2 a6 10. a4 b6 11. Nb3 Bb7 12. Nxc5 Nxc5 13. b4 Ncd7
14. Rd1 O-O 15. b5 Qc8 16. Nd4 Nc5 17. bxa6 Bxa6 18. Nb5 Bxb5 19. Bxb5 Nce4 20.
Bb2 Nc3 21. Bxc3 Qxc3 22. Rab1 Rac8 23. Bd3 Qc6 24. Qe1 Ra8 25. Rb4 Qc7 26. Rc4
Qa7 27. Rb1 Rfc8 28. Rcb4 Nd5 29. Rh4 h6 30. Qe4 Nf6 31. Qe3 $11) 6. Ngf3 Qxc5
{This is the 'Kramnik move' Varuzhan referred to.} 7. Bd3 Nbd7 8. O-O (8. Qe2
Qc7 9. Nb3 Be7 10. O-O O-O 11. a4 b6 12. Re1 Bb7 13. a5 bxa5 14. Nfd4 Nc5 15.
Nxa5 Nxd3 16. Qxd3 Bb4 17. Bd2 Be4 18. Qe2 Bd6 19. Nb5 Bxh2+ 20. Kh1 Qb8 21.
Bg5 Be5 22. Ra4 a6 23. Na3 Bxb2 24. Bxf6 Bxg2+ 25. Kxg2 Bxf6 26. Qe4 Qc7 27.
Nc6 Rfc8 28. Rc4 Qd6 29. Re3 Qd5 30. Qxd5 exd5 31. Ne7+ Bxe7 32. Rxc8+ Rxc8 33.
Rxe7 g6 34. Re3 Kg7 35. Rd3 Rc5 36. c3 a5 37. Kf3 h5 38. Ke3 h4 39. Kf4 f6 40.
Kg4 g5 41. f4 Kg6 42. fxg5 fxg5 43. Re3 a4 44. Rd3 Kf6 45. Rf3+ Kg6 46. Rd3 Kh6
47. Re3 Rc6 48. Rd3 Rf6 49. Rd4 Rf1 50. Nc2 Rg1+ 51. Kh3 Rg3+ 52. Kh2 Rxc3 53.
Rd2 a3 54. Nd4 Kg6 55. Ra2 g4 56. Nb5 Rc5 57. Nxa3 Ra5 58. Ra1 d4 59. Rg1 g3+
60. Kh3 Rxa3 61. Kxh4 Kf5 62. Kh3 Ke4 63. Re1+ Re3 {0-1 (63) Hou,Y (2635)
-Kramnik, V (2810) Medias 2016}) 8... Qc7 9. Qe2 (9. Nb3 Nc5 10. Bb5+ {is
Varuzhan's suggestion but after ...Bd7 it is nothing more than an even
position.}) 9... Nc5 {} 10. Bc4 (10. Bb5+ Bd7 11. Bxd7+ Ncxd7 12. Ne4 {
and calling it a day would have been my choice.}) 10... Bd6 11. b3 (11. a4 O-O
12. a5 e5 13. b4 Ne6 14. Bb2 Nf4 15. Qe3 Ng6 16. b5 Bf5 17. b6 axb6 18. axb6
Qc6 19. Rxa8 Rxa8 20. Qb3 Rf8 21. Bb5 Qc5 22. Nc4 Be6 23. Qa3 Qxc4 {0-1 (23)
Sanal,V (2501)-Ganguly,S (2652) Berlin 2015}) 11... a6 $146 {Black is
threatening ...b5.} (11... O-O 12. Bb2 b6 13. Rad1 Bb7 14. Ne5 Rad8 15. Ndf3
Nce4 16. a4 Bb4 17. Rxd8 Rxd8 18. Nd3 Be7 19. Be5 Bd6 20. h4 Bxe5 21. Ndxe5 h6
{1/2-1/2 (21) Tan,J (2456)-Roberson,P (2388) Reading 2017}) 12. a4 {Somewhat
forced.} b6 13. Bb2 Bb7 14. Rfd1 O-O {The position is balanced but Black is
much more comfortable and White must play accurately in order to maintain the
balance. However, Zherebukh decided to go all self-destructive in the next few
moves.} 15. Bxf6 $2 {After 35 minutes of thinking Zherebukh gives up his
valuable bishop!} (15. Qe3 Ncd7 (15... Rad8 16. Bxf6 gxf6 17. Qh6 {is probably
what Zherebukh was after.}) 16. h3 Rfd8 17. Bd3 {and White should be able to
hold this uncomfortable middlegame.}) 15... gxf6 16. Qe3 Bf4 $1 {Of course,
this move prevents the queen from landing on h6.} 17. Qc3 f5 (17... Nd7 {
with the threat of ...b5 and ...Ne5 is even stronger.}) 18. Bf1 Rac8 19. b4 $6
{Forcing the queen exchange while weakening the pawn structure for a worse
endgame. Even if this were somehow the best move on the board, it would not
make sense practically and alternatives would be sought.} Ne4 20. Qxc7 Rxc7 21.
Nc4 Rb8 $1 {After a long think, Akobian finds this strong prophylactic move.}
22. Nxb6 Rxc2 23. Nd7 Rbc8 24. Bd3 Rb2 25. Bxe4 fxe4 26. Rd4 f5 (26... Rcc2 27.
Rf1 Rxf2 {would have won on the spot.}) 27. Rad1 exf3 {Akobian finds a nice
trick.} 28. Rxf4 Rd2 $1 {With this beautiful tactical trick, Akobian wins the
game and joins Wesley in the lead. In this game he was in complete control and
is now in hot pursuit of the coveted title.} 0-1

[Event "EU-ch 6th"]
[Site "Warsaw"]
[Date "2005.06.18"]
[Round "1"]
[White "Bakalarz, Mietek"]
[Black "Andersson, Ulf"]
[Result "1/2-1/2"]
[WhiteElo "2408"]
[BlackElo "2579"]
[Annotator "Mueller,Karsten"]
[PlyCount "190"]
[EventDate "2005.06.18"]
[EventType "swiss"]
[EventRounds "13"]
[EventCountry "POL"]
[SourceTitle "CBM 108"]
[Source "ChessBase"]
[SourceDate "2005.09.26"]
[SourceVersion "1"]
[SourceVersionDate "2005.09.26"]
[SourceQuality "1"]

1. e4 e6 2. d4 d5 3. Nd2 c5 4. exd5 Qxd5 5. Ngf3 cxd4 6. Bc4 Qd6 7. O-O Nf6 8.
Nb3 Nc6 9. Nbxd4 Nxd4 10. Qxd4 Qxd4 11. Nxd4 a6 12. Be2 e5 13. Nf3 Bd6 14. Rd1
Bc7 15. Bd2 O-O 16. Bb4 Re8 17. Bd6 Bxd6 18. Rxd6 Bd7 19. Rad1 Bc6 20. Nd2 Rac8
21. Kf1 Kf8 22. Nc4 Ne4 23. f3 Nxd6 24. Nxd6 Ke7 25. Nxe8 Bxe8 26. Bd3 g6 27.
Re1 Kd6 28. Rd1 Ke6 29. Be4 Rc7 30. Ke2 f5 31. Bd5+ Ke7 32. c4 b5 33. b3 Bd7
34. Kd2 bxc4 35. Bxc4 a5 36. Ke3 Be6 37. Bxe6 Kxe6 38. Rd2 Rc3+ 39. Ke2 Rc1 40.
Rd1 Rc8 41. Kd2 e4 42. fxe4 fxe4 43. Re1 Ke5 44. Rf1 Kd4 45. Rf7 e3+ 46. Kd1 h5
47. Rd7+ Ke4 48. Re7+ Kd3 49. Rd7+ Kc3 50. Ke2 Kb2 51. Kxe3 Rc2 52. Kf3 Rc3+
53. Kf4 Rc2 54. Kg3 g5 55. Rd5 Rc3+ 56. Kf2 Rc2+ 57. Kf3 g4+ 58. Kg3 Rc3+ 59.
Kh4 Rc2 60. Rxa5 Rxg2 61. Kxh5 Rxh2+ 62. Kxg4 {Weiß steht auf Gewinn, aber die
Realisierung ist außerordentlich schwierig:} Rf2 63. Rf5 Rd2 64. Ra5 Rf2 65.
Kg3 Rf8 66. Ra4 Rf7 67. Ra8 Rf6 68. b4 Kc3 (68... Rb6 69. a3 Kb3 70. Kf4 Kc4
71. Ra5 Rf6+ 72. Ke3 Re6+ 73. Kd2 Rh6 74. b5 Kc5 75. a4 Kd4 76. Ke2 Re6+ 77.
Kf3 Rf6+ 78. Kg4 Kd5 79. Kg5 Rd6 80. Ra7 Kc5 81. Kf5 Rh6 82. Ra8 Rh5+ 83. Kg6
Rd5 84. Ra6 Rd7 85. Kf6 Rh7 86. Kf5 Rh5+ 87. Kg4 Re5 88. Kf4 Re1 89. b6 Kc6 90.
a5 Kb7 91. Ra7+ Kb8 92. Kf5 $18) 69. b5 Kb4 70. Ra6 Rf8 71. a4 Kc5 72. Kg4 Rf1
73. Kg5 Rf2 74. Rc6+ (74. b6 Kc6 75. a5 Kb7 76. Ra7+ Kb8 77. Kg6 Rf1 78. Re7
Ra1 79. Re5 Kb7 80. Kf7 Ka6 81. Ke8 Rd1 82. Re7 $18) 74... Kb4 75. Ra6 Kc5 76.
Kg6 Rf4 77. Kg7 Kd5 78. Kg6 Kc5 79. Kg5 Rf8 80. Rf6 Rg8+ 81. Kh4 Rh8+ 82. Kg3
Rg8+ 83. Kf3 Re8 84. Rc6+ Kb4 85. Ra6 Kc5 86. Kf4 Kd5 87. Kf3 Kc5 88. Rf6 Ra8
89. Rf4 Rh8 90. Ke3 Rh3+ 91. Ke4 Rh8 92. Kd3 Rh3+ 93. Ke4 Rh8 94. Rf6 Rh4+ 95.
Rf4 Rh8 {Weiß steht immer noch auf Gewinn, allerdings dürfte es ohnehin mit
der 50 Züge-Regel Schwierigkeiten geben.} 1/2-1/2

[Event "GER-ch 72nd"]
[Site "Heringsdorf"]
[Date "2000.11.23"]
[Round "7"]
[White "Mueller, Karsten"]
[Black "Sielecki, Christof"]
[Result "1-0"]
[WhiteElo "2513"]
[BlackElo "2424"]
[Annotator "Mueller,Karsten"]
[PlyCount "49"]
[EventDate "2000.11.17"]
[EventType "swiss"]
[EventRounds "9"]
[EventCountry "GER"]
[SourceTitle "CBM 080"]
[Source "ChessBase"]
[SourceDate "2001.01.25"]
[SourceVersion "1"]
[SourceVersionDate "2001.01.25"]
[SourceQuality "1"]

{An meinem Geburtstag läuft es bei der Deutschen Meisterschaft traditionell
sehr gut und der 30. bildete keine Ausnahme:} 1. e4 e6 2. d4 d5 3. Nd2 c5 4.
Ngf3 a6 5. dxc5 Bxc5 6. Bd3 Nf6 7. Qe2 Nc6 8. O-O Qc7 9. c3 (9. a3 {ist die
andere Hauptvariante.}) (9. exd5 Nxd5 10. Ne4 Be7 11. Bc4 Nf4 12. Qe3 Ng6 $11 {
0-1 Smirin,I-Dreev,A/Borzhomi 1988/EXT 88 (23)}) 9... Bd7 (9... O-O 10. e5 Ng4
11. Bxh7+ Kxh7 12. Ng5+ Kg8 13. Qxg4 Qxe5 14. Nb3 Be7 15. f4 Qf5 16. Qxf5 exf5
17. Nf3 Be6 18. Be3 $14 {1/2-1/2 Westerinen,H-Brunner,L/Solingen 1986/TD 86\01
(35)}) 10. exd5 $6 {etwas verfrüht. Weiß sollte zunächst weiter abwarten, z.B.}
(10. h3 Ne5 (10... Ba7 11. Re1 dxe4 12. Nxe4 Nd5 13. c4 Nf4 14. Bxf4 Qxf4 15.
c5 $14 {1/2-1/2 Baklan,V-Kiriakov,P/URS 1992/EXP 28 (58)}) (10... Nh5 $5) 11.
Nxe5 Qxe5 12. Nf3 Qh5 13. e5 Ne4 14. Be3 Be7 15. Rfe1 f5 16. c4 $14 {1-0 Adams,
M-Lund,D/Preston 1989/CBM 14 (30)}) (10. e5 Ng4 11. Nb3 Bb6 12. Bf4 f6 $11 {
0-1 Espinosa,J-Sieiro Gonzalez,L/Villa Clara op 1995/EXT 95op2 (42)}) (10. a3
O-O-O 11. b4 Bd6 12. c4 $132 {0-1 Ravi,T-Ravi,L/IND-ch 1994/EXP 41 (34)}) 10...
Nxd5 11. Ne4 Be7 12. g3 $6 {verhindert Sf4, schwächt aber die weißen Felder um
den König zu sehr.} e5 13. Bc4 Nb6 (13... Be6 $2 14. Nfg5 $16) 14. Bb3 O-O $6 (
{Es war besser, mit} 14... h6 {Vorsichtsmaßnahmen zu ergreifen.}) 15. Nfg5 h6 (
{Natürlich nicht} 15... Be8 $2 16. Nxh7 Kxh7 17. Qh5+ Kg8 18. Bh6 gxh6 (18...
Nd4 19. cxd4 gxh6 20. Qg6+ Kh8 21. Qxh6+ Kg8 22. Rac1 Bc6 23. Ng5 Bxg5 24.
Qxg5+ Kh8 25. Qh6+ Kg8 26. Rfe1 $18) (18... Na5 19. Qg6 Bf6 20. Nxf6+ Kh8 21.
Qxg7#) 19. Qg6+ Kh8 20. Qxh6+ Kg8 21. Nf6+ Bxf6 22. Bc2 $18) (15... Bf5 16. g4
Bg6 17. h4 Na5 18. h5 Nxb3 19. axb3 Bxe4 20. Qxe4 Bxg5 21. Bxg5 $14) 16. Nxf7
Rxf7 17. Bxf7+ Kxf7 18. Qh5+ Kg8 (18... Kf8 19. Bxh6 gxh6 20. Qxh6+ Kg8 {
ist Zugumstellung zur Partie.} ({Denn} 20... Ke8 $2 21. Rad1 {sieht sehr
gefährlich aus.})) 19. Bxh6 gxh6 {Schwarz läßt es sich zeigen.} (19... Rf8 {
kam auch in Betracht.}) 20. Qg6+ Kh8 (20... Kf8 $2 21. f4 $18) 21. Qxh6+ Kg8
22. Qg6+ Kh8 23. f4 $1 {[%mdl 128] Mit Dauerschach gebe ich mich nicht
zufrieden. Statt dessen sollen frische Kräfte wie der f-Bauer und die Türme
herangeführt werden.} Qd8 $2 ({In der abendlichen Analyse nach der Partie fand
Rainer Buhmann folgende Verteidigung:} 23... Rf8 $1 24. f5 (24. Ng5 $2 Bc5+ 25.
Kh1 Bf5 26. Qh5+ Kg8 $17) 24... Nd8 25. f6 $6 (25. Qh6+ $11) 25... Bc5+ 26.
Nxc5 Qxc5+ 27. Rf2 Rf7 $1 (27... Ne6 $2 28. Re1 Be8 29. Qh6+ Kg8 30. Re4 $18)
28. Re1 Bc6 $1 {(Fritz 6)} ({In der Analyse hatten wir nur} 28... Rh7 $2 29.
Re4 {wonach Weiß starke Initiative behält.}) 29. Rd1 (29. Qh5+ Rh7 30. Qxe5
Qxe5 31. Rxe5 Nf7 $15 {/-/+}) 29... Nd7 30. Rdd2 Bd5 $15) (23... exf4 $2 24.
Rxf4 Ne5 (24... Qxf4 25. Qh5+ Kg7 26. gxf4 $18) 25. Qh6+ Kg8 26. Raf1 Nd5 27.
Rf7 $3 Nxf7 28. Qg6+ Kh8 29. Qh5+ Nh6 30. Qxh6+ Kg8 31. Qg6+ Kh8 32. Qh5+ Kg8
33. Qxd5+ $18) (23... Be8 $2 24. Qh6+ Kg8 25. f5 Nd5 (25... Bf8 26. Nf6+ Kf7
27. Qh7+ Bg7 28. Nh5 Kf8 29. f6 $18) 26. f6 Bf8 27. Qg5+ Kh8 28. Qh4+ Qh7 29.
Qxh7+ Kxh7 30. f7 Bd7 31. Rad1 $16) 24. Qh6+ Kg8 25. fxe5 (25. fxe5 Nxe5 (25...
Be8 26. Rf4 Nxe5 27. Qe6+ Kh7 (27... Nf7 28. Qg6+ $18) 28. Qxe5 Nd7 29. Qd4 $18
) 26. Nf6+ Bxf6 27. Rxf6 Qe7 28. Qg5+ Qg7 29. Qxe5 Re8 30. Qd6 $18) 1-0

[Event "Monarch Assurance 08th"]
[Site "Port Erin"]
[Date "1999.11.10"]
[Round "5"]
[White "Short, Nigel D"]
[Black "Kiriakov, Petr"]
[Result "1-0"]
[WhiteElo "2675"]
[BlackElo "2554"]
[Annotator "Mueller,Karsten"]
[PlyCount "89"]
[EventDate "1999.11.06"]
[EventType "swiss"]
[EventRounds "9"]
[EventCountry "IOM"]
[SourceTitle "CBM 074"]
[Source "ChessBase"]
[SourceDate "2000.02.01"]
[SourceVersion "1"]
[SourceVersionDate "2000.02.01"]
[SourceQuality "1"]

1. e4 {Psakhis} e6 2. d4 d5 3. Nd2 a6 {Psakhis: 'It is not too difficult to
prepare to Piter Kiriakov-after 1.e4 he always plays Frence defence and in the
case of 3.Nd2 choose a6.'} 4. c3 c5 5. Ngf3 Nc6 6. Bd3 cxd4 7. cxd4 dxe4 8.
Nxe4 Be7 (8... Nb4 $5 {Psakhis} 9. Bb1 Be7 10. Ne5 Nf6 11. Ng5 O-O 12. O-O g6
13. Ngf3 Nc6 14. Bg5 Bd7 $13 {0-1 Smirin,I-Dolmatov,S/Klaipeda 1988 (42)}) 9.
O-O Nf6 {Psakhis: 'Just year ago Nigel played same line with opposite colour
and '} 10. a3 {'!' Psakhis.} (10. Be3 O-O 11. Nxf6+ (11. Ne5 {Psakhis} Bd7 12.
Qf3 Rc8 13. Rad1 Nxe4 14. Bxe4 f5 15. Bxc6 Bxc6 16. Nxc6 bxc6 17. Bf4 Qd5 18.
Qe3 Bf6 19. b3 Rfd8 20. Be5 Bxe5 {1/2-1/2 Smirin,I-Short,N/Elista ol 1998 (20)}
) 11... Bxf6 12. Be4 Ne7 13. Qb3 Nd5 14. Rac1 $14 {1-0 De la Paz,F-Hoffman,A/
Havana 1999/CBM 71 (40)}) 10... O-O 11. Be3 (11. Bc2 $5 {[%cal Gd1d3] Psakhis
could be interesting alternative, for example} Bd7 (11... Nxe4 12. Bxe4 Bf6 13.
Be3 Ne7 14. Ng5 h6 15. Nh7 Nf5 16. Bxf5 exf5 17. Nxf8 Kxf8 18. Rc1 $18 {
Pallova,M-Wichmann,C/Dresden op 1992/0-1 (42)}) 12. Qd3 Nxe4 13. Qxe4 g6 14.
Bh6 Re8 15. h4 Qa5 16. Qf4 Red8 17. Rfe1 Be8 18. Bg5 Rac8 19. Bxe7 Nxe7 20. Re5
Nd5 21. Qh6 f6 22. Re2 Qc7 23. Bb3 Bf7 24. g3 Qd6 25. Rae1 {Kristensen,
B-Danielsen,H/DEN-ch 1987/1-0 (53) with initiative.}) 11... Nd5 {'N' Psakhis.}
({White keep preasure afte} 11... Bd7 {Psakhis} 12. Rc1 Nxe4 13. Bxe4 Bf6 (
13... Rc8 14. b4 Bf6 15. Qb3 g6 16. h3 b6 17. d5 $1 $16 {1-0 Matanovic,
A-Mikhalchishin,A/YUG 1968 (28)}) 14. Rc3 Rc8 15. Qb1 g6 16. Rfc1 Bg7 17. g3
Kh8 18. b4 $14 {Djuric,S-Orlov,G/New York op 1990/1/2-1/2 (53)}) 12. Rc1 Qb6
13. Qc2 h6 14. Nc5 $14 {Psakhis: 'White chances are slightly better, but
position is complicated and Black can dream about initiative, after he,ll
finished development.'} Rd8 15. b4 Bd7 16. Bc4 Bf8 17. Qe4 Nce7 18. Ne5 Bb5 19.
Rfe1 (19. Qf3 {Psakhis} Nf5) 19... Bxc4 $6 (19... Nf5 $142) 20. Nxc4 Qa7 21.
Ne5 b6 $6 (21... Rac8 {Psakhis} 22. Qf3 Nf5 23. Nxf7 $1 Kxf7 24. Nxe6 Kxe6 25.
Bg5+ Nde3 (25... Nfe3 26. Rxc8 Rxc8 27. Bxe3 Nxe3 28. Qxe3+ Kd7 29. Qe6+ Kc7
30. Rc1+ $18) 26. Bxe3 Rxc1 27. Qe4+ $18) 22. Qf3 $1 {Psakhis: 'Only chance to
fight for advantage.'} f6 ({White,s attack is too dangerous in the case of} 
22... bxc5 {Psakhis} 23. Qxf7+ Kh7 24. Bxh6 $1 {for example} Kxh6 25. Re4 Nf6 (
25... Nf4 26. Ng4+ Kh7 27. Nf6+ Kh6 28. Rxf4 $18) 26. Rc3 $1 Rxd4 27. Rh3+ Kg5
28. Nf3+ Kf5 29. Re5+ Kg4 30. Rh4#) 23. Nxe6 Rd6 (23... fxe5 {Psakhis} 24. Nxd8
Rxd8 25. dxe5 $16) 24. Qg4 $1 {[%mdl 128]} (24. Nxf8 $2 fxe5 25. dxe5 Rxf8 26.
Qxf8+ Kxf8 27. exd6 Nf5 $13 {'<=>' Psakhis.}) 24... f5 {'?!' Psakhis.} (24...
fxe5 25. dxe5 (25. Bxh6 $2 Qd7 26. Rxe5 Nf6 $17) 25... Nxe3 26. Rxe3 Rd7 27.
Rf3 {'!?' Psakhis.} ({nach} 27. Ng5 Rc7 {hat Weiß mindestens Dauerschach.} (
27... Re8 {Psakhis} 28. Qe6+ Kh8 29. Nf7+ Kh7 30. Ng5+ $11)) 27... g6 28. Qc4
$40 {denn} Rc8 $2 {scheitert an} 29. Qxc8 Nxc8 30. Rxf8+ Kh7 31. Rfxc8 $18) 25.
Qh5 g6 {'[]' Psakhis.} (25... Rxe6 $2 26. Qf7+ $18) 26. Nxg6 Rxe6 27. Nxf8 Rxf8
(27... Nf6 28. Qh4 Rxf8 29. Bxh6 $16) 28. Bxh6 Rxe1+ 29. Rxe1 {'+/-' Psakhis.
Psakhis: 'Now White,s advantage is obvious- he has three pawns for a piece,
strong bishop and black king needs protection.'} Rf7 30. Bg5 Qd7 31. Re5 Qd6 (
31... Nc6 $4 32. Qg6+ Kh8 33. Re6 Nxd4 34. Rd6 Rg7 35. Qh6+ $18) 32. Qf3 Rg7
33. h4 $1 Nf6 $6 34. Qb3+ {Psakhis: 'Slowly, but surely Short increase
preasure.'} Kh7 35. Qd3 (35. Re6 Qd5 36. Qxd5 Nfxd5 37. Bxe7 Rxe7 38. Rd6 $16)
35... Kg8 $2 (35... b5 $142 $16) 36. g3 $18 Ne4 (36... b5 {Psakhis} 37. Qb3+
Kh7 38. Re6 Qd5 39. Qxd5 Nfxd5 40. Rxa6 $18) 37. Bxe7 Rxe7 38. Rxf5 Qc6 39. Qf3
{'+-' Psakhis.} Qc1+ $6 (39... Qg6 {war zäher.}) 40. Kg2 Qh6 41. d5 Kg7 42. Rf4
$1 Nd6 (42... Nf6 43. d6 Rf7 44. d7 Rxd7 45. Rxf6 Qxf6 46. Qg4+ $18) 43. Rg4+
Kh8 44. Rg5 Rh7 (44... Rf7 45. Rh5 Rxf3 46. Rxh6+ Kg7 47. Rxd6 $18) 45. Qf4 (
45. Qf4 Rg7 (45... b5 46. Qe5+ Rg7 47. Rh5 $18) 46. Qf8+ Kh7 47. Rxg7+ Qxg7 48.
Qxd6 $18) 1-0

[Event "Le Havre"]
[Site "Le Havre"]
[Date "1977.??.??"]
[Round "11"]
[White "Ligterink, Gert"]
[Black "Dueckstein, Andreas"]
[Result "1/2-1/2"]
[WhiteElo "2430"]
[BlackElo "2400"]
[Annotator "Myers,D"]
[PlyCount "49"]
[EventDate "1977.03.25"]
[EventType "tourn"]
[EventRounds "15"]
[EventCountry "FRA"]
[EventCategory "8"]
[SourceTitle "EXT 1999"]
[Source "ChessBase"]
[SourceDate "1998.11.16"]
[SourceVersion "1"]
[SourceVersionDate "1998.11.16"]
[SourceQuality "1"]

1. e4 e6 2. d4 d5 3. Nd2 c5 4. Ngf3 Nc6 5. Bb5 a6 6. exd5 axb5 7. dxc6 bxc6 8.
dxc5 Bxc5 9. O-O Nf6 10. Qe2 Qc7 (10... Be7 11. c4 $1 O-O 12. b3 $14) 11. Nb3
Bd6 12. Rd1 Nd5 13. c4 bxc4 14. Qxc4 Ba6 15. Qd4 O-O 16. Re1 e5 17. Qh4 Bd3 18.
Bd2 h6 19. Qh5 Ra4 20. Nxe5 Nf6 21. Qh3 Bxe5 22. Qxd3 Bxh2+ 23. Kf1 Rd8 24. Qf3
Be5 25. Rac1 1/2-1/2

[Event "Interzonal-14c"]
[Site "Zagreb"]
[Date "1987.??.??"]
[Round "7"]
[White "Gruenfeld, Yehuda"]
[Black "Eingorn, Vereslav S"]
[Result "1/2-1/2"]
[WhiteElo "2545"]
[BlackElo "2575"]
[Annotator "Myers,D"]
[PlyCount "136"]
[EventDate "1987.08.01"]
[EventType "tourn"]
[EventRounds "17"]
[EventCountry "YUG"]
[EventCategory "12"]
[SourceTitle "CBM 004"]
[Source "ChessBase"]
[SourceDate "1988.06.01"]
[SourceVersion "1"]
[SourceVersionDate "1988.06.01"]
[SourceQuality "1"]

1. e4 e6 2. d4 d5 3. Nd2 a6 4. Ngf3 c5 5. dxc5 Bxc5 6. Bd3 Nf6 7. Qe2 Nc6 8.
O-O Qc7 9. a3 Ba7 $5 (9... O-O) 10. exd5 (10. b4 Nd4) 10... Nxd5 $10 11. Ne4
O-O (11... Nf4 12. Bxf4 Qxf4 13. Rad1 Bb8 $5 {Gruenfeld} (13... O-O 14. Nd6 Rd8
15. Be4 Nd4 (15... Rxd6 $2 16. g3 $16) 16. Nxd4 Rxd6 17. g3 Qf6 18. Nf3 $14))
12. Ng3 g6 $6 (12... Nf4 13. Bxh7+ $2 Kxh7 14. Ng5+ Kg8 {Eingorn}) 13. Qe4 (13.
Bh6 $1 $36) 13... f5 $1 14. Qh4 f4 15. Ne4 Nd4 16. c4 $1 (16. Nxd4 Bxd4 $13)
16... Nxf3+ 17. gxf3 Qe7 $8 18. Ng5 (18. Qh6 $1 Nf6 (18... Rf5 19. cxd5 e5 20.
d6 $18) 19. Bxf4 $16 {Gruenfeld}) 18... Nf6 19. Bxf4 Nh5 $44 20. Bg3 Bb8 21.
Ne4 $1 Qg7 (21... Qxh4 22. Bxh4 Rxf3 23. Bc2 $36 {Eingorn}) 22. c5 Nf4 23. Bc4
Kh8 24. Kh1 $6 (24. Ng5 $1 Qe7 25. Ne4 Qg7 $10 {Eingorn}) 24... Bd7 $17 {
Eingorn} 25. Rad1 Bc7 26. Ng5 Bc6 27. Bxe6 Rae8 28. Bg4 $6 (28. Rde1 $1) 28...
h5 29. Rfe1 Rxe1+ 30. Rxe1 Bd8 $19 31. Be6 Bxg5 $4 (31... Bxf3+ 32. Kg1 Ng2 $19
{Eingorn}) 32. Qxg5 Nxe6 33. Rxe6 $18 Kh7 34. Be5 Qg8 35. Re7+ Rf7 36. Qf6
Bxf3+ 37. Kg1 Bd5 38. h4 $2 (38. Rxf7+ Bxf7 39. h4) 38... Rxe7 39. Qxe7+ Qf7
40. Qd8 g5 $8 41. Qxg5 Bb3 $2 (41... Qg6 $1 42. Kh2 $8 Qxg5 43. hxg5 Kg6 44. f4
Kf5 $10 {Eingorn}) 42. f4 Qg6 43. Bc3 (43. f5) 43... Bc4 (43... Qb1+ 44. Kf2
Qc2+ 45. Ke3 {Eingorn}) 44. Kh2 $2 (44. f5 Qxg5+ 45. hxg5 {Eingorn}) 44... Qc2+
45. Qg2 Qxg2+ 46. Kxg2 Kg6 47. Kf3 Kf5 $10 48. b4 Bd5+ 49. Ke3 Bc6 50. Bg7 Ke6
51. Kd4 Kf5 52. Bh6 Ke6 53. Bg5 Kf5 54. Kc4 Ke4 55. Kb3 Bd7 56. a4 Kd5 57. Be7
Ke6 58. Bf8 Kd5 59. Bd6 Ke4 60. b5 axb5 61. a5 Kd5 62. Kc3 Bc8 63. Bf8 Bd7 64.
Be7 Ke6 65. Bd6 Kd5 66. Bf8 Bg4 67. c6 Kxc6 68. Kd4 Kd7 1/2-1/2

[Event "RUS-Cup01 Chigorin Memorial"]
[Site "St Petersburg"]
[Date "1996.??.??"]
[Round "6"]
[White "Dvoirys, Semen I"]
[Black "Kholmov, Ratmir D"]
[Result "1-0"]
[WhiteElo "2570"]
[BlackElo "2435"]
[Annotator "Notkin,M"]
[PlyCount "103"]
[EventDate "1996.11.??"]
[EventType "swiss"]
[EventRounds "9"]
[EventCountry "RUS"]
[SourceTitle "CBM 056 Extra"]
[Source "ChessBase"]
[SourceDate "1997.03.01"]
[SourceVersion "1"]
[SourceVersionDate "1997.03.01"]
[SourceQuality "1"]

1. e4 e6 2. d4 d5 3. Nd2 c5 4. exd5 Qxd5 5. Ngf3 cxd4 6. Bc4 Qd6 7. O-O Nf6 8.
Nb3 Nc6 9. Nbxd4 Nxd4 10. Nxd4 a6 11. b3 Be7 (11... Qc7) 12. Bb2 O-O 13. Qf3
Qc7 14. Rfe1 Bd6 (14... b5 $2 15. Bd3 Bb7 16. Qh3 g6 (16... Bc8 $2 17. Nxb5 $1
axb5 18. Bxf6 g6 19. Be5 $16 {Tal,M-Korchnoi,V/Bruxelles/1987/0,5/64/}) 17. a4
$1 $16 {Stein,L-Uhlmann,W/Moscow/1967/1:0/23/}) 15. Qh3 Bd7 (15... Re8 16. Rad1
$14 (16. Nf3 e5 17. Qh4 Bf5)) 16. Nf3 (16. Bd3 $5) 16... e5 17. Qh4 b5 $6 (
17... Rae8 {/\Bf5/} 18. Bd3 h6 $13) 18. Bd3 Rfe8 19. c4 $1 bxc4 20. Bxc4 Bb5 (
20... h6 21. Rac1 Qb8 22. Re3 $36) 21. Rac1 Qb8 22. Qg5 $1 h6 23. Qf5 Bxc4 $2 (
23... Bd7 24. Qc2 (24. Qg6 Re7 $1 $14 (24... Be6 25. Bxe6 Rxe6 26. Qf5 Nd7 27.
Nd4 $1 exd4 28. Rxe6 fxe6 29. Qxe6+ Kh8 30. Qxd7 Bxh2+ 31. Kh1 $16)) 24... Bb5
25. Nh4 $14) 24. Rxc4 e4 (24... Qb5 25. Nxe5 Re6 26. f4 $16) 25. Bxf6 exf3 26.
Rxe8+ Qxe8 27. Bc3 (27. gxf3 gxf6 28. Rg4+ Kf8 29. Qxf6 Qe1+ 30. Kg2 Be5 31.
Qxh6+ Ke7 $13) 27... Qe2 (27... fxg2 28. Rg4 Bf8 29. Qf6 $18) 28. gxf3 Bf8 29.
Rc7 (29. Rg4 Qe7 $16) 29... Qe8 30. Qe4 $6 (30. Qd7 $142) 30... Qd8 31. Qf4 Qd5
32. Qe4 Qg5+ (32... Qd8 33. Qc4 Qe8 34. Qc6 $16) 33. Qg4 Qd5 34. Rd7 Qc6 35.
Bd4 Re8 (35... Qb5 36. Be3 $16 {/\Qd4/}) 36. Qf5 Re1+ (36... Re7 $142 37. Rd8
Re8 38. Rxe8 Qxe8 39. Be3 $14) 37. Kg2 Be7 $2 (37... Re7) 38. Be3 Bf6 39. Qd5
Qb5 (39... Qxd5 40. Rxd5 Bc3 41. Rd3 Bb4 42. Rd8+ Kh7 43. Ra8 a5 44. a3 Bc3 45.
Rc8 $16 {/\Rc5/}) 40. Qa8+ (40. Qxb5 axb5 41. a4 (41. Rb7 Ra1 42. Rxb5 Rxa2 43.
Rb8+ Kh7 44. b4 $16) 41... bxa4 42. bxa4 Ra1 43. Ra7 Bc3 44. Bb6 $18) 40... Kh7
41. Qe4+ Kg8 42. Rd3 a5 (42... g6 43. a4 Qb8 $16) 43. a4 Qa6 (43... Qb4 44.
Qxb4 axb4 45. Bc5 Bc3 46. a5 $18) 44. Qe8+ Kh7 45. Qb5 Qa8 46. Rd5 $18 Qc8 (
46... Bc3 47. Qd3+) 47. Qxa5 Rb1 48. Qb5 g6 49. Rd7 Kg8 50. Qd5 Qe8 51. Ra7 Kg7
52. Bd4 1-0